000
00278nam a22001217a 4500
999
_c
533814
_d
533814
040
_c
dlc
082
_a
947.0854
100
_a
Boris Yeltsin
_9
27803
245
_a
The Review from the Kremlin
260
_a
London
_b
Harper Collins
_c
c1994
300
_a
316;pxv
942
_2
ddc
_c
BK